[Event "Quarentena 26"]
[Site "http://www.queenalice.com/game.php?id=1611875"]
[Date "2020.5.12"]
[Round "-"]
[White "Bigchess"]
[Black "dechian"]
[Result "0-1"]
[WhiteElo "1792"]
[BlackElo "1875"]

1. e4 e5 2. Nf3 Nc6 3. d4 exd4 4. c3 dxc3 5. Bc4 Nf6 6. O-O Bc5 7. Nxc3 d6 8.
Bg5 h6 9. Bh4 g5 10. Bg3 Bg4 11. Nd5 h5 12. Nxg5 Bxd1 0-1

[Event "Quarentena 27"]
[Site "http://www.queenalice.com/game.php?id=1611876"]
[Date "2020.5.12"]
[Round "-"]
[White "dechian"]
[Black "Bigchess"]
[Result "0-1"]
[WhiteElo "1911"]
[BlackElo "1766"]

1. d4 d5 2. Nc3 e6 3. Bf4 Nf6 4. e3 c6 5. Bd3 Be7 6. h3 Nbd7 7. Nf3 Nf8 8. e4
dxe4 9. Nxe4 Nxe4 10. Bxe4 Ng6 11. Bd2 Bd7 12. Qe2 Bf6 13. O-O-O Qc8 14. d5 cxd5
15. Bxd5 O-O 16. Bb3 Bc6 17. Ng5 Bxg5 18. Bxg5 Bxg2 19. Rhg1 Bxh3 20. Rh1 Bf5
21. Qh5 Ne5 22. Rdg1 Bg6 23. Qh2 Nf3 24. Qg3 Nxg1 25. Rxg1 a5 26. Ba4 b5 27. Bb3
a4 28. Bxa4 bxa4 29. c3 Re8 30. Be3 Qc4 0-1

[Event "Quarentena 28"]
[Site "http://www.queenalice.com/game.php?id=1611877"]
[Date "2020.5.12"]
[Round "-"]
[White "Bigchess"]
[Black "dechian"]
[Result "0-1"]
[WhiteElo "1777"]
[BlackElo "1900"]

1. e4 d5 2. exd5 Qxd5 3. d4 Bf5 4. Nf3 Nc6 5. c3 Nf6 6. Na3 O-O-O 7. Be2 e6 8.
O-O Qe4 9. Nc4 e5 10. Ng5 Qd5 11. Ne3 Qd7 12. Nxf5 h6 13. Nxf7 Qxf7 14. Qa4 Nd5
15. Ne3 exd4 16. Nxd5 Qxd5 17. Bf3 Qa5 18. Qxa5 Nxa5 19. cxd4 Rxd4 20. Be3 Rb4
21. Rfd1 Bd6 22. b3 Rf8 23. Rac1 Kb8 24. Bd2 Rb5 25. Bc3 Rg5 26. b4 Nc4 27. Bxg7
Rxf3 28. Bxh6 Rg4 29. Be3 Nxe3 30. fxe3 Rxe3 31. b5 Re2 0-1

[Event "Quarentena 29"]
[Site "http://www.queenalice.com/game.php?id=1612476"]
[Date "2020.5.16"]
[Round "-"]
[White "dechian"]
[Black "Bigchess"]
[Result "1-0"]
[WhiteElo "1899"]
[BlackElo "1810"]

1. d4 d5 2. e4 dxe4 3. Nc3 Nf6 4. h3 e6 5. a3 Bd6 6. Bg5 O-O 7. Nxe4 Be7 8.
Nxf6+ Bxf6 9. Bf4 c6 10. Nf3 Nd7 11. Qd2 Nb6 12. O-O-O Nd5 13. Bg3 b5 14. Bd3 a5
15. Qe2 Ba6 16. Ne5 Bxe5 17. dxe5 Rb8 18. Qh5 g6 19. Qh6 Qe7 20. Bh4 f6 21. g4
Qg7 22. Qd2 fxe5 23. Bg3 Nf4 24. Qe3 c5 25. Bxf4 Rxf4 26. Qxc5 Qb7 27. Qxe5 Rxf2
28. Qxe6+ Kg7 29. Qe5+ Kg8 30. Be4 Qc8 31. Bd5+ Kf8 32. Qh8+ Ke7 33. Rhe1+ 1-0

[Event "Quarentena 30"]
[Site "http://www.queenalice.com/game.php?id=1612477"]
[Date "2020.5.16"]
[Round "-"]
[White "Bigchess"]
[Black "dechian"]
[Result "1-0"]
[WhiteElo "1789"]
[BlackElo "1911"]

1. e4 e5 2. Bc4 Nf6 3. d3 Bc5 4. h3 h6 5. Nf3 Nc6 6. a3 d6 7. Nc3 a6 8. Qe2 g5
9. Be3 g4 10. hxg4 Bxg4 11. Bxc5 dxc5 12. Qd2 Nd4 13. Nxd4 cxd4 14. Nd5 c6 15.
Nxf6+ Qxf6 16. f3 Bd7 17. O-O-O b5 18. Ba2 a5 19. g4 b4 20. a4 c5 21. Bd5 Rb8
22. b3 Rh7 23. g5 Qxf3 24. Kb1 Qg4 25. Rxh6 Rxh6 26. gxh6 Ke7 27. Rf1 Be6 28.
Bxe6 fxe6 29. Qf2 Kd6 30. Qf7 c4 31. dxc4 Qxe4 32. h7 d3 33. cxd3 Qxd3+ 34. Kb2
Qc3+ 35. Ka2 Qc2+ 36. Ka1 Rh8 37. c5+ Kxc5 38. Qc7+ 1-0

[Event "Quarentena 31"]
[Site "http://www.queenalice.com/game.php?id=1612478"]
[Date "2020.5.16"]
[Round "-"]
[White "dechian"]
[Black "Bigchess"]
[Result "1-0"]
[WhiteElo "1889"]
[BlackElo "1748"]

1. e4 e5 2. Nf3 d6 3. Bc4 Be7 4. Nc3 Nf6 5. d3 c6 6. h3 a5 7. a4 Na6 8. Bd2 Nc5
9. Ng5 Bd7 10. Nxf7 Qc7 11. Nxh8 O-O-O 12. Nf7 Rf8 13. Ng5 h6 14. Nf3 d5 15.
exd5 Bd6 16. Qe2 1-0

[Event "Quarentena 32"]
[Site "http://www.queenalice.com/game.php?id=1612479"]
[Date "2020.5.16"]
[Round "-"]
[White "Bigchess"]
[Black "dechian"]
[Result "0-1"]
[WhiteElo "1810"]
[BlackElo "1890"]

1. e4 e5 2. Bc4 Bc5 3. Nf3 Nc6 4. c3 Nf6 5. d3 h6 6. Qe2 d6 7. Be3 Bxe3 8. fxe3
a6 9. Nbd2 Bg4 10. O-O-O O-O 11. Rdf1 b5 12. Bd5 Nxd5 13. exd5 Ne7 14. e4 Ng6
15. Qf2 Nf4 16. Qe3 Nxg2 17. Qf2 Nf4 18. Qe3 Bh3 19. Re1 Ng2 20. Qe2 Nxe1 21.
Qxe1 a5 22. Rg1 Qf6 23. Qg3 Bd7 24. Kb1 b4 25. c4 a4 26. Nh4 c6 27. Nf5 Bxf5 28.
exf5 cxd5 29. cxd5 e4 30. Nxe4 Qd4 31. Nxd6 a3 32. Nc4 axb2 33. Nxb2 Ra3 34. Qg4
Qf6 35. Qxb4 Rfa8 36. d6 Rxa2 37. Rg2 Qxf5 38. Qd4 Qf1+ 0-1

[Event "AEAP 2020"]
[Site "http://www.queenalice.com/game.php?id=1613253"]
[Date "2020.5.22"]
[Round "1"]
[White "dida"]
[Black "dechian"]
[Result "0-1"]
[WhiteElo "1503"]
[BlackElo "1909"]

1. e3 e5 2. Nc3 Nf6 3. h3 d5 4. Nf3 Bd6 5. Be2 Bf5 6. d3 Nc6 7. a3 a6 8. Bd2 Qd7
9. e4 dxe4 10. dxe4 Nxe4 11. Nxe4 Bxe4 12. Bc3 Qf5 13. O-O O-O-O 14. Qc1 Nd4 15.
Bxd4 exd4 16. c3 d3 17. Bd1 Bxf3 18. Bxf3 d2 19. Qxd2 Bh2+ 20. Kxh2 Rxd2 21. b4
Qf4+ 22. Kh1 Re8 23. Rac1 Rxf2 24. Rxf2 Qxc1+ 25. Kh2 Qf4+ 26. Kg1 Re1+ 27. Rf1
Qe3+ 28. Kh2 Rxf1 29. Bd5 Qe5+ 30. g3 Qxd5 31. h4 Rh1# 0-1

[Event "Quarentena 33"]
[Site "http://www.queenalice.com/game.php?id=1613561"]
[Date "2020.5.24"]
[Round "-"]
[White "dechian"]
[Black "Bigchess"]
[Result "1-0"]
[WhiteElo "1914"]
[BlackElo "1750"]

1. e4 e5 2. Nf3 d6 3. Bc4 Be7 4. Nc3 Nf6 5. h3 Nc6 6. d4 exd4 7. Nxd4 Nxd4 8.
Qxd4 O-O 9. Be3 b6 10. O-O-O Bb7 11. f3 a6 12. g4 b5 13. Bd5 Bxd5 14. Nxd5 Nxd5
15. Qxd5 Bf6 16. g5 Be7 17. h4 Kh8 18. h5 c6 19. Qf5 c5 20. f4 a5 21. Bxc5 Qc8
22. Qxc8 Raxc8 23. Bxd6 Bxd6 24. Rxd6 1-0

[Event "Quarentena 34"]
[Site "http://www.queenalice.com/game.php?id=1613562"]
[Date "2020.5.24"]
[Round "-"]
[White "Bigchess"]
[Black "dechian"]
[Result "0-1"]
[WhiteElo "1791"]
[BlackElo "1914"]

1. e4 e5 2. Nf3 Nc6 3. Bc4 Bc5 4. d3 Nf6 5. c3 d6 6. Qe2 Qe7 7. Be3 Bg4 8. Bxc5
dxc5 9. Nbd2 O-O-O 10. h3 Be6 11. Bxe6+ fxe6 12. Nc4 Nd7 13. a3 h5 14. b4 Qf6
15. b5 Ne7 16. a4 g5 17. O-O-O Ng6 18. Qe3 g4 19. Nfd2 gxh3 20. Rxh3 Nf4 21. Rf3
Qe7 22. Rg1 Nf6 23. Nxe5 Nxd3+ 24. Kb1 Ng4 25. Nxg4 hxg4 26. Rg3 c4 27. Qxa7 Qa3
28. Rxd3 cxd3 29. Qa8+ Kd7 30. Qxb7 Qxc3 31. b6 Rb8 32. Qxc7+ Qxc7 0-1

[Event "Quarentena 35"]
[Site "http://www.queenalice.com/game.php?id=1613563"]
[Date "2020.5.24"]
[Round "-"]
[White "dechian"]
[Black "Bigchess"]
[Result "1-0"]
[WhiteElo "1925"]
[BlackElo "1780"]

1. d4 d5 2. Bf4 Nf6 3. Nf3 e6 4. g3 Be7 5. Nc3 c6 6. Bg2 Nbd7 7. Qd3 Nb6 8. e4
dxe4 9. Nxe4 Nxe4 10. Qxe4 Nd5 11. Bd2 Nf6 12. Qf4 h6 13. O-O-O Bd7 14. Ne5 Bd6
15. Qe3 Qe7 16. Ba5 Nd5 17. Bxd5 cxd5 18. f4 Bxe5 19. dxe5 Bc6 20. Rd4 a6 21.
Bb4 Qc7 22. Bd6 Qb6 23. Qc3 Kd7 24. Rb4 Qd8 25. Rf1 g6 26. g4 Rc8 27. Qa3 Ra8
28. f5 gxf5 29. gxf5 Qg5+ 30. Kb1 exf5 31. e6+ fxe6 32. Bf4 Qg2 33. Rxb7+ Bxb7
34. Qd6+ Ke8 35. Qxe6+ Kf8 36. Qxf5+ 1-0

[Event "Quarentena 36"]
[Site "http://www.queenalice.com/game.php?id=1613564"]
[Date "2020.5.24"]
[Round "-"]
[White "Bigchess"]
[Black "dechian"]
[Result "1/2-1/2"]
[WhiteElo "1708"]
[BlackElo "1923"]

1. e4 e5 2. Bc4 Bc5 3. Nf3 Nc6 4. d3 Nf6 5. c3 a6 6. Qe2 d6 7. Be3 Bg4 8. Bxc5
dxc5 9. Nbd2 Na5 10. h3 Bh5 11. g4 Bg6 12. Bb3 Nxb3 13. Nxb3 Nd7 14. h4 h5 15.
g5 Qe7 16. Nbd2 O-O-O 17. Nc4 f6 18. O-O-O Nf8 19. a3 Ne6 20. gxf6 gxf6 21. Qc2
Qd7 22. Qb3 Nf4 23. Na5 b6 24. Nc4 Qg4 25. Nfxe5 Qe2 26. Nxb6+ cxb6 27. Qxb6
fxe5 28. Qc6+ Kb8 29. Qb6+ Kc8 30. Qc6+ Kb8 1/2-1/2

[Event "Jogo 17"]
[Site "http://www.queenalice.com/game.php?id=1614509"]
[Date "2020.5.30"]
[Round "-"]
[White "Lintz"]
[Black "dechian"]
[Result "1-0"]
[WhiteElo "1703"]
[BlackElo "1903"]

1. e4 e5 2. Nf3 Nc6 3. Bc4 Bc5 4. Nc3 Nf6 5. O-O d6 6. a3 Bg4 7. Be2 Qd7 8. d3
h6 9. Nh4 Be6 10. Na4 Qe7 11. Nxc5 dxc5 12. c3 O-O-O 13. Qc2 Nxe4 14. dxe4 Qxh4
15. Be3 c4 16. Rad1 Qe7 17. Qa4 a6 18. Bxc4 b5 19. Qxa6+ Kb8 20. Bxb5 Bc8 21.
Qxc6 Bb7 22. Qc4 Qf6 23. Qa4 c6 24. Qa7+ Kc8 25. Ba6 Qe7 26. Qa8+ Kc7 27. Qxb7#
1-0

[Event "Jogo 18"]
[Site "http://www.queenalice.com/game.php?id=1614510"]
[Date "2020.5.30"]
[Round "-"]
[White "dechian"]
[Black "Lintz"]
[Result "1-0"]
[WhiteElo "1894"]
[BlackElo "1720"]

1. e4 e5 2. Nf3 Nf6 3. Nc3 d6 4. Bc4 h6 5. h3 c6 6. Qe2 Qe7 7. d3 Be6 8. Be3
Bxc4 9. dxc4 g5 10. O-O-O Qc7 11. g4 b6 12. Rhg1 Nbd7 13. h4 gxh4 14. Nxh4 O-O-O
15. Nf5 Nc5 16. f3 Ne6 17. Rd2 Ng7 18. c5 Nxf5 19. gxf5 dxc5 20. Rxd8+ Qxd8 21.
f4 exf4 22. Bxf4 h5 23. Qa6+ 1-0

[Event "Quarentena 37"]
[Site "http://www.queenalice.com/game.php?id=1614632"]
[Date "2020.5.30"]
[Round "-"]
[White "dechian"]
[Black "Bigchess"]
[Result "0-1"]
[WhiteElo "1942"]
[BlackElo "1776"]

1. e4 e5 2. Bc4 Nc6 3. Nc3 Nf6 4. Nf3 Be7 5. d4 Nxd4 6. Nxe5 Ne6 7. f4 d6 8.
Nxf7 Kxf7 9. f5 c6 10. Bg5 Rf8 11. Bxf6 Bxf6 12. Qh5+ Kg8 13. fxe6 Kh8 14. O-O-O
Qe7 15. Rhe1 Bxe6 16. Bxe6 Qxe6 17. Kb1 Be5 18. Ne2 b5 19. Nd4 Qf6 20. c3 c5 21.
Nf3 a5 22. Rd5 b4 23. Nxe5 dxe5 24. Rxc5 Qf2 25. cxb4 Qxe1+ 0-1

[Event "Quarentena 38"]
[Site "http://www.queenalice.com/game.php?id=1614633"]
[Date "2020.5.30"]
[Round "-"]
[White "Bigchess"]
[Black "dechian"]
[Result "1-0"]
[WhiteElo "1797"]
[BlackElo "1930"]

1. d4 d5 2. Nf3 Bf5 3. e3 Nf6 4. Nc3 e6 5. Bb5+ c6 6. Ba4 Bd6 7. a3 Nbd7 8. Qe2
Nb6 9. Bb3 h6 10. O-O Qc7 11. Ne5 c5 12. f4 c4 13. Ba4+ Nxa4 14. Nxa4 Bxe5 15.
fxe5 Bg4 16. Qf2 Qa5 17. exf6 O-O-O 18. Nc3 g6 19. Bd2 Qb6 20. e4 dxe4 21. Nxe4
Rxd4 22. Be3 e5 23. Bxd4 exd4 24. Qf4 Be2 25. Rfe1 d3+ 26. Kh1 Rd8 27. cxd3 cxd3
28. Rac1+ Kd7 29. Nc5+ Qxc5 30. Rxc5 Ke8 31. Qe5+ Kf8 32. Qe7+ Kg8 33. Qxd8+ Kh7
34. Rxe2 dxe2 35. Re5 e1=R+ 36. Rxe1 g5 37. Qe7 Kg6 38. Qxb7 Kxf6 39. Qxa7 h5
40. Qe7+ Kg6 41. b4 h4 42. b5 1-0

[Event "Quarentena 39"]
[Site "http://www.queenalice.com/game.php?id=1614634"]
[Date "2020.5.30"]
[Round "-"]
[White "dechian"]
[Black "Bigchess"]
[Result "0-1"]
[WhiteElo "1911"]
[BlackElo "1875"]

1. d4 d5 2. Nc3 e6 3. Bf4 c6 4. Nf3 Nf6 5. e3 Bd6 6. Bd3 Bxf4 7. exf4 Qe7 8. a3
Nbd7 9. O-O Nf8 10. f5 Bd7 11. Ng5 O-O-O 12. fxe6 Nxe6 13. Re1 Qf8 14. Nxe6 fxe6
15. Na4 Kb8 16. b4 h6 17. Nc5 g5 18. c4 Bc8 19. Nxe6 Bxe6 20. Rxe6 h5 21. Qf3
Ng4 22. Qg3+ Ka8 23. f3 Nh6 24. Qxg5 Rg8 25. Qe3 Nf5 26. Bxf5 Qxf5 27. c5 Rdf8
28. Re1 a6 29. a4 Qc2 30. Re2 Qxa4 31. Qc3 Qb5 32. Kf2 h4 33. h3 Qa4 34. Re1
Qa2+ 35. R1e2 Qb1 36. Re1 Qa2+ 37. R6e2 Qc4 38. Qb2 Qd3 39. Re3 Qg6 40. Kg1 Qg3
41. R1e2 Rd8 42. Qa2 Qxh3 43. Re8 Qc8 44. R8e7 Qf5 45. Qb3 h3 46. g4 Qf4 47. Qe3
Qg3+ 48. Kh1 Rgf8 49. Rf2 Rf4 50. Rh7 Rdf8 51. Qe7 Rb8 52. Qe3 Rxg4 53. Rh2 Re4
54. Qf2 Re1+ 55. Qxe1 Qxe1# 0-1

[Event "Quarentena 40"]
[Site "http://www.queenalice.com/game.php?id=1614635"]
[Date "2020.5.30"]
[Round "-"]
[White "Bigchess"]
[Black "dechian"]
[Result "0-1"]
[WhiteElo "1798"]
[BlackElo "1919"]

1. e4 e5 2. Nf3 Nc6 3. Bb5 Nge7 4. d3 Ng6 5. Qe2 Bc5 6. Bg5 f6 7. Bxc6 dxc6 8.
Be3 Bd4 9. Bxd4 exd4 10. Nbd2 Be6 11. Nf1 Bg4 12. Ng3 Qd6 13. Nf5 Bxf5 14. exf5+
Ne7 15. O-O O-O-O 16. Nxd4 Rd7 17. Ne6 Nxf5 18. Nxc7 Kxc7 19. a3 Nd4 20. Qd1 Re8
21. Re1 Rxe1+ 22. Qxe1 Nxc2 23. Qa5+ Kb8 24. Rd1 Qf4 25. Qc5 Nd4 26. Re1 Qd2 27.
Re8+ Kc7 28. h3 b6 29. Qf8 Qxd3 30. Rc8+ Kb7 31. Rb8+ Ka6 32. Qc8+ Kb5 33. Ra8
Ne2+ 34. Kh1 Qd1+ 35. Kh2 Qd6+ 36. Kh1 Qc7 37. Qxc7 Rxc7 0-1

[Event "Quarentena 41"]
[Site "http://www.queenalice.com/game.php?id=1615744"]
[Date "2020.6.9"]
[Round "-"]
[White "Bigchess"]
[Black "dechian"]
[Result "0-1"]
[WhiteElo "1735"]
[BlackElo "1900"]

1. e4 d5 2. exd5 Qxd5 3. Nc3 Qd8 4. Nf3 Nf6 5. d4 Bf5 6. Bd3 e6 7. Qe2 Bxd3 8.
Qxd3 Nc6 9. Be3 Bb4 10. a3 Ba5 11. b4 Bb6 12. Na4 Nd5 13. Nxb6 Nxb6 14. b5 Ne7
15. c4 O-O 16. a4 Nd7 17. O-O Nc5 18. Qc2 Nd7 19. c5 Nf6 20. Ne5 Nfd5 21. Bg5 f6
22. f4 fxg5 23. fxg5 Ne3 24. Rxf8+ Qxf8 25. Qd3 N7f5 26. g4 Nxg4 27. Rf1 Nxe5
28. dxe5 Qxc5+ 29. Kh1 Qxe5 0-1

[Event "Quarentena 42"]
[Site "http://www.queenalice.com/game.php?id=1615745"]
[Date "2020.6.9"]
[Round "-"]
[White "dechian"]
[Black "Bigchess"]
[Result "1-0"]
[WhiteElo "1909"]
[BlackElo "1726"]

1. e4 d5 2. exd5 e5 3. Bc4 Nf6 4. Nc3 Bd6 5. d3 O-O 6. Bg5 Bf5 7. Ne4 Be7 8.
Nxf6+ Bxf6 9. Be3 Nd7 10. Qf3 Bg6 11. O-O-O Qc8 12. Ne2 Nb6 13. Bb3 Bf5 14. h3
h6 15. g4 Bh7 16. h4 Qd8 17. g5 e4 18. dxe4 Be5 19. gxh6 g6 20. h5 Qf6 21. Qxf6
Bxf6 22. Rhg1 Kh8 23. Nf4 g5 24. Nh3 Bxe4 25. Nxg5 Bxg5 26. Rxg5 Rg8 27. Bd4+
Kh7 28. Bg7 Bf3 29. Rdg1 1-0

[Event "Quarentena 43"]
[Site "http://www.queenalice.com/game.php?id=1615746"]
[Date "2020.6.9"]
[Round "-"]
[White "Bigchess"]
[Black "dechian"]
[Result "0-1"]
[WhiteElo "1738"]
[BlackElo "1890"]

1. e4 e5 2. Bc4 Nc6 3. Nf3 Bc5 4. c3 Nf6 5. d3 h6 6. Qe2 d6 7. Be3 Bg4 8. Bxc5
dxc5 9. Nbd2 a6 10. Nf1 Nh5 11. Ne3 Nf4 12. Qd1 Bh5 13. Rg1 Qf6 14. Qc2 Nxg2+
15. Rxg2 Bxf3 16. Rg3 Ne7 17. Kd2 O-O-O 18. Rag1 Bxe4 19. Kc1 Bg6 20. Ng4 Qf4+
21. Kb1 e4 22. Ka1 Nf5 23. R3g2 Nh4 24. Rg3 Nf3 25. R1g2 Ne1 26. Qb3 Qc1# 0-1

[Event "Quarentena 44"]
[Site "http://www.queenalice.com/game.php?id=1615747"]
[Date "2020.6.9"]
[Round "-"]
[White "dechian"]
[Black "Bigchess"]
[Result "1-0"]
[WhiteElo "1879"]
[BlackElo "1749"]

1. e4 d5 2. exd5 Qxd5 3. Nc3 Qd8 4. d4 e6 5. Bf4 Nf6 6. Nf3 Bd6 7. Qd2 Bxf4 8.
Qxf4 c6 9. O-O-O O-O 10. Bd3 Nbd7 11. Ne5 Re8 12. g4 Nxe5 13. dxe5 Nd5 14. Nxd5
cxd5 15. h4 a6 16. g5 Bd7 17. h5 Bc6 18. Bxh7+ Kh8 19. g6 f6 20. h6 f5 21. hxg7+
Kxg7 22. Qh6+ 1-0

[Event "Jogo 19"]
[Site "http://www.queenalice.com/game.php?id=1616410"]
[Date "2020.6.13"]
[Round "-"]
[White "Lintz"]
[Black "dechian"]
[Result "1/2-1/2"]
[WhiteElo "1814"]
[BlackElo "1918"]

1. d4 d5 2. c4 Nc6 3. Nf3 Bg4 4. cxd5 Qxd5 5. e3 O-O-O 6. Be2 e6 7. O-O Bd6 8.
Nc3 Qh5 9. h3 Bxf3 10. Bxf3 Qg6 11. Bxc6 bxc6 12. Qa4 Ne7 13. Qxa7 Nf5 14. Kh1
Nh4 15. Rg1 Qc2 16. f4 Nf5 17. Qa4 Qf2 18. Qxc6 Ng3+ 19. Kh2 Nf1+ 20. Kh1 Nxe3
21. Ne4 Qxf4 22. Nxd6+ Rxd6 23. Bxe3 Qxe3 24. Qa8+ Kd7 25. Qxh8 Qh6 26. Qa8 Rd5
27. Qa4+ Ke7 28. Rad1 Rh5 29. Qa3+ Kd8 30. Qf8+ Kd7 31. Qxf7+ Kd6 32. Qf3 Rf5
33. Qg3+ Rf4 34. Rgf1 g5 35. Rxf4 gxf4 1/2-1/2

[Event "Jogo 20"]
[Site "http://www.queenalice.com/game.php?id=1616411"]
[Date "2020.6.13"]
[Round "-"]
[White "dechian"]
[Black "Lintz"]
[Result "1/2-1/2"]
[WhiteElo "1914"]
[BlackElo "1818"]

1. e4 c5 2. Nf3 d6 3. Nc3 Nf6 4. Bc4 e6 5. d4 Be7 6. dxc5 dxc5 7. Bb5+ Bd7 8.
Qe2 O-O 9. Be3 a6 10. Bd3 Nc6 11. e5 Nd5 12. Nxd5 exd5 13. O-O-O d4 14. Bf4 Nb4
15. Bc4 Be6 16. Bxe6 fxe6 17. Bg3 Nxa2+ 18. Kb1 Nb4 19. Qc4 Nd5 20. Rd3 b5 21.
Qa2 b4 22. Qc4 Kh8 23. Nd2 Qb6 24. Ne4 a5 25. Kc1 a4 26. Kd2 a3 27. bxa3 bxa3
28. Rb3 Qa5+ 29. Ke2 a2 30. Ra1 Qa6 31. Qxa6 Rxa6 32. f3 Nb4 33. Kd1 Rfa8 34.
Be1 Ra4 35. Nd2 Nd5 36. Nf1 1/2-1/2